Sports Quiz

Random Sports or Basketball Quiz

NBA Team by Pants Quiz Stats

 Plays Quiz not verified by Sporcle

Score 0/30 Timer 04:00
0 Plays Today
# NBA Team % Correct
2Boston Celtics
97.7%
11Los Angeles Lakers
93%
4San Antonio Spurs
92.2%
5Milwaukee Bucks
91.5%
3Miami Heat
89%
12Orlando Magic
87.9%
14Houston Rockets
86.6%
1New Orleans Hornets
86.2%
6Denver Nuggets
85.2%
9Golden State Warriors
82.7%
19Sacramento Kings
80.4%
15New York Knicks
76%
25Phoenix Suns
74.1%
22Chicago Bulls
71.2%
26Oklahoma City Thunder
71.2%
# NBA Team % Correct
27Indiana Pacers
69.7%
17New Jersey Nets
66.9%
23Washington Wizards
66.2%
28Minnesota Timberwolves
66%
29Memphis Grizzlies
56.5%
21Dallas Mavericks
52.3%
16Toronto Raptors
46.4%
13Charlotte Bobcats
46.4%
18Atlanta Hawks
46.2%
8Cleveland Cavaliers
45.8%
7Philadelphia 76ers
45.1%
30Utah Jazz
37.1%
10Detroit Pistons
32.1%
20Los Angeles Clippers
26.5%
24Portland Trailblazers
21.1%

You're not logged in!

Compare scores with friends on all Sporcle quizzes.
OR
Log In

Show Comments

Extras

Top Quizzes Today


Score Distribution

Your Account Isn't Verified!

In order to create a playlist on Sporcle, you need to verify the email address you used during registration. Go to your Sporcle Settings to finish the process.

Report this User

Report this user for behavior that violates our Community Guidelines.

Details: